| 000 | 00000nam##2200000za#4500 |
| 001 | 9.599693 |
| 003 | CaOODSP |
| 005 | 20240501092931 |
| 007 | cr ||||||||||| |
| 008 | 150406|2004||||xxc|||||o f|0| 0 fre|d |
| 040 | |aCaOODSP|bfre |
| 043 | |an-cn--- |
| 086 | 1 |aPS83-3/153F-PDF |
| 110 | 2 |aService correctionnel Canada. |
| 245 | 13|aLe programme Tupiq pour les délinquants sexuels inuits : |h[ressource électronique]|bétude préliminaire / |c[par] Shelley Trevethan, John-Patrick Moore et Leesie Naqitarvik. |
| 260 | |bService correctionnel Canada |cMai 2004. |
| 300 | |a105p.|bréférences, tableaux |
| 490 | 1 |aRapport de recherche|vR-153 |
| 590 | |a10-11-Supp|b2010-11-10 |
| 720 | 1 |aTrevethan, Shelley |
| 720 | 1 |aMoore, John-Patrick |
| 720 | 1 |aNaqitarvik, Leesie |
| 775 | 08|tThe Tupiq Program for Inuit sexual offenders : |w(CaOODSP)9.568404 |
| 830 | #0|aRapport de recherche (Service correctionnel Canada. Direction de la recherche)|vR-153|w(CaOODSP)9.502465 |
| 856 | 40|ahttp://publications.gc.ca|qPDF|s1,009 Ko|uhttps://publications.gc.ca/collections/collection_2010/scc-csc/PS83-3-153-fra.pdf|yR-153 |